00262nam a2200109Ia 4500008004100000041000800041082001500049100001200064245002400076260003300100300001900133241028s9999 xx 000 0 und d aeng a650.14 DEC aDecarlo aResumes For Dummies bWiley IndiaaNew Delhic2019 a449;. p. 23 cm